000 00441 a2200157 4500
005 20250630081247.0
020 _a0-474-44845-1
082 _a658.83 MCD
100 _aMCDANIEL, C.
245 _aMarketing Research Essentials.
250 _a4th Ed.
260 _aUnited State of America,
_bJohn Wiley & Sons,
_c2004.
300 _axviii,420p.; ill.; figure, table, picture
_bIndex & Glossary
_c27cm.
700 _aGATES, R.
942 _2ddc
_cBKS
999 _c3649
_d3649